Strategies for Diversification. (Record no. 5128)

MARC details
000 -CABECERA
campo de control de longitud fija 01626nam a22002657a 4500
003 - IDENTIFICADOR DEL NÚMERO DE CONTROL
campo de control OSt
005 - FECHA Y HORA DE LA ÚLTIMA TRANSACCIÓN
campo de control 20251103113811.0
008 - DATOS DE LONGITUD FIJA--INFORMACIÓN GENERAL
campo de control de longitud fija 250910b |||||||| |||| 00| 0 eng d
022 ## - NÚMERO INTERNACIONAL NORMALIZADO PARA PUBLICACIONES SERIADAS
Número Internacional Normalizado para Publicaciones Seriadas 0017-8012
040 ## - FUENTE DE LA CATALOGACIÓN
Centro catalogador/agencia de origen English
Centro/agencia transcriptor tbs
041 ## - CÓDIGO DE LENGUA
Código de lengua del texto/banda sonora o título independiente English
100 ## - ENTRADA PRINCIPAL--NOMBRE DE PERSONA
Nombre de persona Ansoff, H. Igor
9 (RLIN) 26393
245 ## - MENCIÓN DE TÍTULO
Título Strategies for Diversification.
Mención de responsabilidad, etc. / H. Igor Ansoff
260 ## - PUBLICACIÓN, DISTRIBUCIÓN, ETC.
Nombre del editor, distribuidor, etc. Harvard Business Review
Fecha de publicación, distribución, etc. 1957
362 ## - FECHAS DE PUBLICACIÓN Y/O DESIGNACIÓN SECUENCIAL
Fecha de publicación y/o designación secuencial Harvard Business Review; Sep/Oct57, Vol. 35 Issue 5, p113-124, 12p, 5 Graphs
520 ## - SUMARIO, ETC.
Sumario, etc. The article discusses a method for evaluating profit potential in alternative product-market strategies. The formula for improved return on investment from diversification can be used to calculate conditions where ΔR would be greater than zero, or when it would be profitable to diversify. Four growth strategies are product development, diversification, market development, and market penetration. Long-range sales forecasts can define economic, political and international, industrial, and manufacturing-cost trends, as well as estimating a company's competitive advantage. Topics include product line, product mission, product-market strategy, the objectives of vertical, lateral, and horizontal diversification, and examples of diversification in the aircraft industry.
653 ## - TÉRMINO DE INDIZACIÓN--NO CONTROLADO
Término no controlado Diversification in industry
653 ## - TÉRMINO DE INDIZACIÓN--NO CONTROLADO
Término no controlado Mathematical models of economics
653 ## - TÉRMINO DE INDIZACIÓN--NO CONTROLADO
Término no controlado Strategic planning
653 ## - TÉRMINO DE INDIZACIÓN--NO CONTROLADO
Término no controlado Multiproduct firms
653 ## - TÉRMINO DE INDIZACIÓN--NO CONTROLADO
Término no controlado Sales forecasting
653 ## - TÉRMINO DE INDIZACIÓN--NO CONTROLADO
Término no controlado Marketing strategy
856 ## - LOCALIZACIÓN Y ACCESO ELECTRÓNICOS
Identificador Uniforme del Recurso <a href="https://bibliotheque.tbs-education.fr/Default/doc/edb/6769323/strategies-for-diversification">https://bibliotheque.tbs-education.fr/Default/doc/edb/6769323/strategies-for-diversification</a>
942 ## - ELEMENTOS DE ENTRADA AGREGADA (KOHA)
Fuente del sistema de clasificación o colocación Clasificación de Library of Congress
Holdings
Estado de retiro Estado de pérdida Fuente del sistema de clasificación o colocación Estado dañado No para préstamo Biblioteca de origen Biblioteca actual Fecha de adquisición Total de préstamos Fecha visto por última vez Identificador Uniforme del Recurso Precio válido a partir de Tipo de ítem Koha
    Clasificación de Library of Congress     TBS Barcelona TBS Barcelona 03/11/2025   03/11/2025 https://bibliotheque.tbs-education.fr/Default/doc/edb/6769323/strategies-for-diversification 03/11/2025 Academic Article

Powered by Koha